ბათუმის შოთა რუსთაველის სახელმწიფო უნივერსიტეტის ბიბლიოთეკა

კეცხოველი (ბიბ.ჩანაწერი № 47299)

000 -LEADER
fixed length control field 00690nam a2200229Ia 4500
001 - CONTROL NUMBER
control field 14160
003 - CONTROL NUMBER IDENTIFIER
control field GE_BSU
008 - FIXED-LENGTH DATA ELEMENTS--GENERAL INFORMATION
fixed length control field 181216s||||||||xx |||||||||||||| ||und||
040 ## - CATALOGING SOURCE
Transcribing agency GE_BSU
080 ## - UNIVERSAL DECIMAL CLASSIFICATION NUMBER
Universal Decimal Classification number 821.353.1-31
100 ## - MAIN ENTRY--PERSONAL NAME
Personal name ლისაშვილი,იაკინთე
245 ## - TITLE STATEMENT
Title კეცხოველი
245 ## - TITLE STATEMENT
Remainder of title რომანი
245 ## - TITLE STATEMENT
Statement of responsibility, etc. რედ:ვ.კიკნაძე. მხატვ. ა.გოგოლაშვილი
260 ## - PUBLICATION, DISTRIBUTION, ETC.
Place of publication, distribution, etc. თბილისი
260 ## - PUBLICATION, DISTRIBUTION, ETC.
Name of publisher, distributor, etc. საბლიტგამი
260 ## - PUBLICATION, DISTRIBUTION, ETC.
Date of publication, distribution, etc. 1949
300 ## - PHYSICAL DESCRIPTION
Extent 355გვ;19სმ;
653 ## - INDEX TERM--UNCONTROLLED
Uncontrolled term კეცხოველი
653 ## - INDEX TERM--UNCONTROLLED
Uncontrolled term რომანი
942 ## - ADDED ENTRY ELEMENTS (KOHA)
Koha item type წიგნი
ეგზემპლარები
Withdrawn status Lost status Damaged status Not for loan Date acquired Barcode Date last seen Price effective from Koha item type
        2018-12-17 33891 2018-12-17 2018-12-17 წიგნი